000 00388nam a2200145Ia 4500
008 220217s9999||||xx |||||||||||||| ||und||
020 _a81-224-1150-9
082 _a621.381 KAK
100 _aKakani, S.L Bhandari, K.C
_91924
245 0 _aText book of electronics
250 _a2nd
260 _aNew age international
_bNew Delhi
_c2000
300 _b235
650 _aELECTRONICS
999 _c169035
_d169035